| 000 -ლიდერი |
| ფიქსირებული სიგრძის საკონტროლო ველი |
01277nam a2200265Ia 4500 |
| 001 - საკონტროლო ნომერი |
| საკონტროლო ველი |
22655 |
| 003 - საკონტროლო ნომრის იდენტიფიკატორი |
| საკონტროლო ველი |
GE_BSU |
| 005 - ბოლო ოპერაციის თარიღი და დრო |
| საკონტროლო ველი |
20230216105708.0 |
| 008 - ფიქსირებული სიგრძის მონაცემთა ელემენტები - ზოგადი ინფორმაცია |
| ფიქსირებული სიგრძის საკონტროლო ველი |
181216s2016||||ge |||||||||||||| ||geo|| |
| 020 ## - წიგნის საერთაშორისო სტანდარტული ნომერი |
| International Standard Book Number |
9789941090370 |
| 040 ## - კატალოგიზაციის წყარო |
| Transcribing agency |
GE_BSU |
| 041 ## - ენის კოდი |
| Language code of text/sound track or separate title |
geo |
| 080 ## - უნივერსალური ათობითი კლასიფიკაციის ინდექსი |
| Universal Decimal Classification number |
341 გ-13 |
| 100 ## - მთავარი ჩანაწერი - პიროვნების სახელი |
| Personal name |
გაბუნია, დავით |
| 9 (RLIN) |
16929 |
| 245 ## - ცნობა სათაურის შესახებ |
| Title |
საერთაშორისო საავტორო სამართალი : |
| Remainder of title |
წ.1. ბერნის კონვენცია, რომის კონვენცია, TRIPS შეთანხმება. ანალიზი და კომენტარები / |
| Statement of responsibility, etc |
დავით გაბუნია, გიორგი თაქთაქიშვილი. |
| 250 ## - გამოცემის ცნობა |
| Edition statement |
მე-2 გამოცემა. |
| 264 ## - წარმოების, გამოცემის, დისტრიბუციის და სხვა ცნობები |
| გამოცემის, წარმოების, დისტრიბუციის... ადგილი |
თბილისი : |
| გამოცემის, წარმოების, დისტრიბუციის... სახელწოდება |
საქპატენტი, |
| გამოცემის, წარმოების, დისტრიბუციის... თარიღი |
2016. |
| 300 ## - ფიზიკური აღწერა |
| Extent |
311 გვ.; |
| Other physical details |
23 სმ. |
| 501 ## - შენიშვნა თანმხლებ მასალაზე |
| With note |
დანართი ინგლ. ენაზე გვ: 261-309 |
| 504 ## - BIBLIOGRAPHY, ETC. NOTE |
| Bibliography, etc |
ბიბლიოგრ.: გვ. 310. |
| 653 ## - INDEX TERM--UNCONTROLLED |
| Uncontrolled term |
საავტორო სამართალი |
| 700 ## - ADDED ENTRY--PERSONAL NAME |
| Personal name |
თაქთაქიშვილი, გიორგი |
| Relator term |
ავტორი |
| 9 (RLIN) |
16930 |
| 942 ## - ADDED ENTRY ELEMENTS (KOHA) |
| Koha item type |
წიგნი |
| Source of classification or shelving scheme |
|